| 000 | 01237nam1a2200301 i 4500 | ||
|---|---|---|---|
| 001 | RU\NLR\bibl\1353363 | ||
| 005 | 20260406074003.0 | ||
| 035 | _a(NLR Aleph) 001338429 | ||
| 090 |
_a845241 _c845241 |
||
| 100 | _a20090407g20089999u y0rusy50 ca | ||
| 101 | 0 | _arus | |
| 102 | _aRU | ||
| 105 | _ay ||||||||| | ||
| 200 | 1 |
_aНовое лицо Китая _e[специальный выпуск] _fЮ.М. Галенович _gРос. акад. наук, Ин-т Дальнего Востока, Центр науч. информ. и документации |
|
| 210 |
_aМосква _c[б.и.] _d2008 |
||
| 215 | _d21 | ||
| 300 | _aНа обороте тит. л. авт.: д.и.н. Ю.М. Галенович | ||
| 463 | 0 | _10011309724 | |
| 463 | 0 | _10011318350 | |
| 463 | 0 | _10011344886 | |
| 607 |
_aКитайская Народная Республика _xПолитика и управление _z21 в. _92362346 _3RU\NLR\auth\661410585 |
||
| 686 | _aТ3(5Кит)72-3 | ||
| 700 | 1 |
_4070 _7ca _8rus _aГаленович _bЮ. М. _f1932-2020 _gЮрий Михайлович _915661 _3RU\NLR\AUTH\7732653 |
|
| 801 | 0 |
_aRU _bNLR _c20090407 _gRCR |
|
| 801 | 1 |
_aRU _bNLR _c20090407 |
|
| 852 |
_aNLR _j2008-3/37868 |
||
| 942 | _cBOOK | ||